Normal view MARC view

Entry Personal Name

Number of records used in: 1

001 - CONTROL NUMBER

  • control field: 80584

003 - CONTROL NUMBER IDENTIFIER

  • control field: dpl

005 - DATE AND TIME OF LATEST TRANSACTION

  • control field: 20250415154609.0

008 - FIXED-LENGTH DATA ELEMENTS

  • fixed length control field: 250415|| aca||aabn | a|a d

040 ## - CATALOGING SOURCE

  • Original cataloging agency: dpl
  • Transcribing agency: dpl

100 ## - HEADING--PERSONAL NAME

  • Personal name: संजीत कुमार

670 ## - SOURCE DATA FOUND

  • Source citation: Work cat.: (dpl)209812: संजीत कुमार, एन.टी.ए (NTA) यू.जी.सी. (UGC) नेट/जेआरएफ/सेट पेपर 2 भूगोल/, 2024

© Delhi Public Library
Hit Counter
free hit counter